日本のIATA空港コード - Statistics

General Stats
  • This quiz has been taken 2 times
  • The average score is 7 of 94
Answer Stats
Code 空港名 愛称・公称(通称)・備考 % Correct
HND 東京国際空港 Tokyo International Airport (羽田空港、Haneda Airport)
100%
NRT 成田国際空港 Narita International Airport
100%
CTS 新千歳空港 New Chitose Airport
50%
FSZ 静岡空港 Shizuoka Airport 富士山静岡空港、Mt.Fuji Shizuoka Airport
50%
FUK 福岡空港 Fukuoka Airport
50%
ITM 大阪国際空港 Osaka Itami Airport (伊丹空港、Itami Airport)、(Osaka International Airport)、(大阪空港)
50%
KIJ 新潟空港 Niigata Airport
50%
KIX 関西国際空港 Kansai International Airport
50%
KMQ 小松空港 Komatsu Airport
50%
NGS 長崎空港 Nagasaki Airport
50%
OKA 那覇空港 Naha Airport
50%
OKD 札幌飛行場 Sapporo Airfield 札幌丘珠空港、Sapporo Okadama Airport
50%
AGJ 粟国空港 Aguni Airport
0%
AKJ 旭川空港 Asahikawa Airport 北海道のまん中・旭川空港
0%
AOJ 青森空港 Aomori Airport
0%
ASJ 奄美空港 Amami Airport
0%
AXJ 天草飛行場 Amakusa Airfield (天草空港)
0%
AXT 秋田空港 Akita Airport
0%
DNA 嘉手納飛行場 Kadena Air Base (嘉手納空軍基地、嘉手納基地)
0%
FKJ 福井空港 Fukui Airport
0%
FKS 福島空港 Fukushima Airport
0%
FUJ 福江空港 Fukue AIrport 五島つばき空港(五島福江空港)
0%
GAJ 山形空港 Yamagata Airport おいしい山形空港
0%
HAC 八丈島空港 Hachijojima Airport
0%
HHE 八戸航空基地 Hachinohe Air Base (八戸飛行場)
0%
HIJ 広島空港 Hiroshima Airport
0%
HKD 函館空港 Hakodate Airport
0%
HNA 花巻空港 Hanamaki Airport いわて花巻空港
0%
HSG 佐賀空港 Saga Airport 九州佐賀国際空港、KYUSHU-SAGA International AIRPORT
0%
HTR 波照間空港 Hateruma Airport
0%
IBR 茨城空港 Ibaraki Airport (百里飛行場、Hyakuri Airbaseと共用)
0%
IEJ 伊江島空港 Iejima Airport
0%
IKI 壱岐空港 Iki AIrport
0%
ISG 石垣空港 Ishigaki Airport 南ぬ島 石垣空港(ぱいぬしま)
0%
IWJ 石見空港 Iwami Airport 萩・石見空港、Hagi-Iwami Airport
0%
IWK 岩国飛行場 Iwakuni Airport 岩国錦帯橋空港、Iwakuni Kintaikyo Airport
0%
IWO 硫黄島航空基地 Iwoto (Iwo Jima) Air Base
0%
IZO 出雲空港 Izumo Airport 出雲縁結び空港、Izumo Enmusubi Airport
0%
KCZ 高知空港 Kochi Airport 高知龍馬空港、Kochi Ryoma Airport
0%
KJP 慶良間空港 Kerama Airport
0%
KKJ 北九州空港 Kitakyushu Airport
0%
KKX 喜界空港 Kikai Airport
0%
KMI 宮崎空港 Miyazaki Airport 宮崎ブーゲンビリア空港
0%
KMJ 熊本空港 Kumamoto Airport 阿蘇くまもと空港
0%
KOJ 鹿児島空港 Kagoshima Airport
0%
KTD 北大東空港 Kitadaito Airport
0%
KUH 釧路空港 Kushiro Airport
0%
KUM 屋久島空港 Yakushima Airport
0%
MBE 紋別空港 Monbetsu Airport オホーツク紋別空港、Okhotsk-Monbetsu Airport
0%
MMB 女満別空港 Memanbetsu Airport
0%
MMD 南大東空港 Minami-Daito Airport
0%
MMJ 松本空港 Matsumoto Airport 信州まつもと空港
0%
MMY 宮古空港 Miyako Airport
0%
MSJ 三沢空港 Misawa Airport
0%
MUS (南鳥島) Minami Torishima Airport
0%
MYE 三宅島空港 Miyakejima Airport
0%
MYJ 松山空港 Matsuyama Airport
0%
NGO 中部国際空港 Chubu Centrair International Airport セントレア
0%
NJA 厚木海軍飛行場 Naval Air Facility Atsugi
0%
NKM 名古屋飛行場 Nagoya Airfield 県営名古屋空港、Prefectural Nagoya Airport、(小牧空港)
0%
NTQ 能登空港 Noto Airport のと里山空港
0%
OBO 帯広空港 Obihiro Airport とかち帯広空港
0%
OGN 与那国空港 Yonaguni Airport
0%
OIM 大島空港 Oshima Airport 東京大島かめりあ空港
0%
OIR 奥尻空港 Okushiri Airport
0%
OIT 大分空港 Oita Airport
0%
OKE 沖永良部空港 Okinoerabu Airport えらぶゆりの島空港
0%
OKI 隠岐空港 Oki Airport 隠岐世界ジオパーク空港
0%
OKJ 岡山空港 Okayama Airport 岡山桃太郎空港
0%
OKO 横田飛行場 Yokota Air Base
0%
ONJ 大館能代空港 Odate-Noshiro Airport あきた北空港
0%
RBJ 礼文空港 Rebun Airport
0%
RIS 利尻空港 Rishiri Airport
0%
RNJ 与論空港 Yoron Airport
0%
SDJ 仙台空港 Sendai Airport
0%
SDS 佐渡空港 Sado Airport
0%
SHB 中標津空港 Nakashibetsu Airport 根室中標津空港、Nemuro Nakashibetsu Airport
0%
SHI 下地島空港 Shimojishima Airport
0%
SHM 南紀白浜空港 Nanki-Shirahama Airport 熊野白浜リゾート空港
0%
SYO 庄内空港 Shonai Airport おいしい庄内空港
0%
TAK 高松空港 Takamatsu Airport
0%
TJH 但馬飛行場 Tajima Airport コウノトリ但馬空港
0%
TKN 徳之島空港 Tokunoshima Airport 徳之島子宝空港
0%
TKS 徳島空港 Tokushima Airport 徳島阿波おどり空港、Tokushima Awaodori Airport
0%
TNE 種子島 Tanegashima Airport コスモポート種子島
0%
TOY 富山空港 Toyama Airport 富山きときと空港
0%
TRA 多良間空港 Tarama Airport かりゆす多良間空港
0%
TSJ 対馬空港 Tsushima Airport 対馬やまねこ空港
0%
TTJ 鳥取空港 Tottori Airport 鳥取砂丘コナン空港
0%
UBJ 山口宇部空港 Yamaguchi-Ube Airport
0%
UEO 久米島空港 Kumejima Airport
0%
UKB 神戸空港 Kobe Airport マリンエア
0%
WKJ 稚内空港 Wakkanai Airport
0%
YGJ 三保飛行場 Miho Airbase 米子空港、Yonago Airport、米子鬼太郎空港、Yonago Kitaro Airport
0%
No matching quizzes found
Score Distribution
Percent of People with Each Score
Percentile by Number Answered
Your Score History
You have not taken this quiz